Vainqueur Grand prix F1 2009 - Statistiques

Statistiques générales
  • Ce quiz a été pris 81 fois
  • Le résultat moyen est 16 sur 18
Statistiques - réponses
Grand Prix Vainqueurs % Correct
Hongrie Hamilton
97%
Singapour Hamilton
97%
Chine Vettel
96%
Grande-Bretagne Vettel
96%
Japon Vettel
96%
Abou Dabi Vettel
96%
Australie Button
90%
Malaisie Button
90%
Bahrein Button
90%
Espagne Button
90%
Monaco Button
90%
Turquie Button
90%
(Champion du monde) Button
90%
Belgique Raikkonen
77%
Allemagne Webber
77%
Brésil Webber
77%
Europe Barrichello
56%
Italie Barrichello
56%
Aucun quiz correspondant
Distribution des résultats
% des personnes avec chaque résultat
Percentile par nombre de réponses
Votre historique - résultats
Vous n’avez pas pris ce quiz